000
00292nam a2200097Ia 4500
008
220204s9999 xx 000 0 und d
082
_a
631.8:31
_b
FER
245
0
_a
Agricultural and fertiliser statistics : Southern region
260
_a
Madras
_b
Fertiliser association of India
_c
1995
942
_c
BK
999
_c
43774
_d
43774